000
00322nam a2200133Ia 4500
008
240624s9999 xx 000 0 und d
041
_a
eng
082
_a
828 SIN
100
_a
SINGH BAKHSHISH
245
_a
BABA PHAREED
260
_c
2011
_a
New Delhi
_b
Sasta Sahitya Mandal
300
_a
130 p.; 21 cm.
365
_c
RS
_b
25
999
_c
29464
_d
29464